000 00316nam a22001457a 4500
020 _a0-521-67087-X
082 _a920
_bJAM/R
100 _aJAMES,IOAN
245 _aREMARKABLE PHYSICISTS
250 _aFIRST
260 _aSOUTH AFRICA
_bCAMBRIDGE
300 _a389
650 _aBIOGRAPHY
_zSOUTH AFRICA
942 _cBK
999 _c6202
_d6202